000 00311nam a22001457a 4500
082 _a297.82
100 _aHussain, Syed Shaaiq
245 _aKalamul Imam, Imamul kalam
250 _a2003
260 _aHyderabad
_bauthor
300 _a187
500 _aurdu
650 _ashiah-imams-doctrines
942 _cBK
999 _c19870
_d19870